AGRICULTURE FOR FOOD SECURITY AND RURAL GROWTH (Record no. 216151)

MARC details
000 -LEADER
fixed length control field 00457nam a22001577a 4500
008 - FIXED-LENGTH DATA ELEMENTS--GENERAL INFORMATION
fixed length control field 251110b |||||||| |||| 00| 0 eng d
020 ## - INTERNATIONAL STANDARD BOOK NUMBER
International Standard Book Number 979-8-88715-063-5
100 ## - MAIN ENTRY--PERSONAL NAME
Personal name BLAKE, REBECCA
245 ## - TITLE STATEMENT
Title AGRICULTURE FOR FOOD SECURITY AND RURAL GROWTH
260 ## - PUBLICATION, DISTRIBUTION, ETC.
Place of publication, distribution, etc. DUBLIN
Name of publisher, distributor, etc. ORYSON PRESS
Date of publication, distribution, etc. 2023
300 ## - PHYSICAL DESCRIPTION
Extent VI, 282P.
500 ## - GENERAL NOTE
General note INCLUDES INDEX
650 ## - SUBJECT ADDED ENTRY
Topical term or geographic name entry element 1. FOOD SECURITY 2. AGRICULTURE- ECONOMIC ASPECTS
942 ## - ADDED ENTRY ELEMENTS (KOHA)
Source of classification or shelving scheme Dewey Decimal Classification
Koha item type Long Loan Book
Holdings
Withdrawn status Lost status Source of classification or shelving scheme Damaged status Not for loan Home library Current library Date acquired Inventory number Total checkouts Full call number Barcode Date last seen Copy number Price effective from Koha item type
    Library of Congress Classification     Kisii University Library Kisii University Library 11/10/2025 109653   S 494.5.F66 2023 000000017682 11/10/2025 C.1 11/10/2025 Long Loan Book
    Library of Congress Classification     Kisii University Library Kisii University Library 11/10/2025 109654   S 494.5.f66b553 2023 000000017681 11/10/2025 C.2 11/10/2025 Long Loan Book
    Library of Congress Classification     Kisii University Library Kisii University Library 11/10/2025 109655   S 494.5.f66b553 2023 000000017680 11/10/2025 C.3 11/10/2025 Long Loan Book
    Library of Congress Classification     Kisii University Library Kisii University Library 11/10/2025 109656   S 494.5.f66b553 2023 000000017679 11/10/2025 C.4 11/10/2025 Long Loan Book